00708nam a2200181 a 450000100100000000500170001000800410002704000250006810000210009324000370011424501270015126000310027830000210030949000470033050400730037770000290045083000470047900004410620201002045142.0140516s1967 sp 000 0 spa d aDO-SdBNPbspacBNPHU1 aHavemann, Robert10aDialektik ohne dogma?lespañol10aDialéctica sin Dogma :bciencia natural y concepción del mundo /cRobert Havemann; traducción de Manuel Sacristán. aBarcelona :bAriel,c1967. a256 p. ;c23 cm.1 aHoras de EspañaZetein-Estudios y ensayos aIncluye referencias bibliográficas y notas al pie de las páginas12aSacristán, Manueletr. 0aHoras de EspañaZetein-Estudios y ensayos